載入...

Solar Energy and energy conservation

書目詳細資料
其他作者: Kamal,Raj (Editor), Maheshwari,K P
格式: Printed Book
語言:English
出版: New Delhi Wiley Eastern 1992
叢編:Reviews in contemporary physics
主題:
LEADER 00639nam a22001937a 4500
005 20160820112419.0
008 090907t xxu||||| |||| 00| 0 eng d
082 |a 531.61  |b KAM 
100 |a Kamal,Raj  |e Editor  |9 1897 
245 |a Solar Energy and energy conservation 
300 |a xv,345p. 
490 |a Reviews in contemporary physics 
653 |a solar energy  |a energy conservation 
700 |a Maheshwari,K P  |9 1896 
942 |c BK  |6 _ 
260 |a New Delhi  |b Wiley Eastern  |c 1992 
020 |a 8122404030 
999 |c 169733  |d 169733 
952 |0 0  |1 0  |2 ddc  |4 0  |6 53161_KAM  |7 0  |9 220542  |a DAE  |b DAE  |d 2009-09-07  |o 531.61 KAM  |p ECO06369  |r 2016-08-20  |w 2016-08-20  |y BK